书目信息 |
| 题名: |
生物化学与分子生物学
|
|
| 作者: | 黄诒森 , 侯筱宇 主编 | |
| 分册: | ||
| 出版信息: | 北京 科学出版社 2012 |
|
| 页数: | 476页 | |
| 开本: | 28cm | |
| 丛书名: | ||
| 单 册: | ||
| 中图分类: | Q5 , Q7 | |
| 科图分类: | ||
| 主题词: | 生物化学--医学院校--教材 , 分子生物学--医学院校--教材 | |
| 电子资源: | ||
| ISBN: | 978-7-03-033364-3 | |
| 000 | 01052nam0 2200289 450 | |
| 001 | 012015000670 | |
| 005 | 20150914155642.37 | |
| 010 | @a978-7-03-033364-3@dCNY69.80 | |
| 100 | @a20120417d2012 em y0chiy50 ea | |
| 101 | 0 | @achi |
| 102 | @aCN@b110000 | |
| 105 | @aa z 001yy | |
| 106 | @ar | |
| 200 | 1 | @a生物化学与分子生物学@ASheng Wu Hua Xue Yu Fen Zi Sheng Wu Xue@f黄诒森,侯筱宇主编 |
| 205 | @a3版 | |
| 210 | @a北京@c科学出版社@d2012 | |
| 215 | @a476页@c图@d28cm | |
| 300 | @a普通高等教育“十一五”国家级规划教材 全国高等医药院校规划教材 供临床、预防、基础、口腔、麻醉、影像、药学、检验、护理、法医等专业使用 | |
| 330 | @a本书四篇共22章,内容包括蛋白质的结构与功能、核酸的结构与功能、酶和维生素、糖代谢、生物氧化、氨基酸代谢、常用分子生物学技术、基因工程等。 | |
| 606 | 0 | @a生物化学@x医学院校@j教材 |
| 606 | 0 | @a分子生物学@x医学院校@j教材 |
| 690 | @aQ5@v5 | |
| 690 | @aQ7@v5 | |
| 701 | 0 | @a黄诒森@AHuang Yi Sen@4主编 |
| 701 | 0 | @a侯筱宇@AHou Xiao Yu@4主编 |
| 801 | 0 | @aCN@b碧洲教育@c20150718 |
| 905 | @a10447@f4@dQ5@e211=3 | |
| 生物化学与分子生物学/黄诒森,侯筱宇主编.-3版.-北京:科学出版社,2012 |
| 476页:图;28cm |
| 普通高等教育“十一五”国家级规划教材 全国高等医药院校规划教材 供临床、预防、基础、口腔、麻醉、影像、药学、检验、护理、法医等专业使用 |
| ISBN 978-7-03-033364-3:CNY69.80 |
| 本书四篇共22章,内容包括蛋白质的结构与功能、核酸的结构与功能、酶和维生素、糖代谢、生物氧化、氨基酸代谢、常用分子生物学技术、基因工程等。 |
| ● |
| 相关链接 |
|
|
|
|
正题名:生物化学与分子生物学
索取号:Q5/211=3
 
预约/预借
| 序号 | 登录号 | 条形码 | 馆藏地/架位号 | 状态 | 备注 |
| 1 | 0848495 | 208484950 | 第二样本阅览室/ [索取号:Q5/211=3] | 在馆 | |
| 2 | 0848496 | 208484969 | 第三借阅区/ [索取号:Q5/211=3] | 在馆 | |
| 3 | 0848497 | 208484978 | 第三借阅区/ [索取号:Q5/211=3] | 在馆 | |
| 4 | 0848498 | 208484987 | 密集书库-生命科学系/ [索取号:Q5/211=3] | 在馆 |